El uso de las matemáticas en la economía (Registro nro. 5339)

Detalles MARC
000 -LEADER
fixed length control field 01699 a2200265 4500
001 - CONTROL NUMBER
control field 54071
005 - DATE AND TIME OF LATEST TRANSACTION
control field 20260407155811.0
008 - FIXED-LENGTH DATA ELEMENTS--GENERAL INFORMATION
fixed length control field 260407a1973 arg spa d
003 - CONTROL NUMBER IDENTIFIER
control field AR-UNSa-BCEJYS
040 ## - CATALOGING SOURCE
Original cataloging agency AR-UNSa-BCEJYS
Language of cataloging spa
Transcribing agency AR-UNSa-BCEJYS
080 ## - UNIVERSAL DECIMAL CLASSIFICATION NUMBER
Universal Decimal Classification number 330.4
Common auxiliary subdivision Economía matemática
020 ## - INTERNATIONAL STANDARD BOOK NUMBER
International Standard Book Number 84-335-3331-2
041 ## - LANGUAGE CODE
Language code of text/sound track or separate title spa
100 1# - MAIN ENTRY--PERSONAL NAME
Personal name Nemchinov, Vasily Sergeevich
245 10 - TITLE STATEMENT
Title El uso de las matemáticas en la economía
264 #1 - PRODUCTION, PUBLICATION, DISTRIBUTION, MANUFACTURE, AND COPYRIGHT NOTICE
Place of production, publication, distribution, manufacture Barcelona :
Name of producer, publisher, distributor, manufacturer Labor
Date of production, publication, distribution, manufacture, or copyright notice 1973
300 ## - PHYSICAL DESCRIPTION
Extent 438 p.
Dimensions 21 cm.
505 ## - FORMATTED CONTENTS NOTE
Formatted contents note I. Uso de métodos matemáticos en la economía - II. Comparación de costes y beneficios en una economía socialista - 1. Planteamiento del problema - 2. Medida de la efectividad relativa de los gastos de trabajo sin tener en cuenta los beneficios sociales totales - 3. Métodos existentes para comparar el coste primario y la inversión - 4. Métodos para hallar el efecto máximo de la inversión de capital en la economía socialista - 5. Principio del cálculo de gastos - 6. El problema del máximo crecimiento de la productividad laboral - 7. Problema de la medida de los resultados del trabajo en una economía socialista - III. Algunas observaciones sobre el análisis factor-producto - IV. Métodos matemáticos de planificación y organización de la producción - V. Métodos para establecer las más cortas distancias del movimiento de cargas en la implantación de sistemas de transporte - VI. Breve anotación bibliográfica sobre problemas de programación lineal y otros
590 ## - LOCAL NOTE (RLIN)
Local note niveau_biblio:m niveau_hierar:0
700 1# - ADDED ENTRY--PERSONAL NAME
Personal name Novozhilov, V.V.
700 1# - ADDED ENTRY--PERSONAL NAME
Personal name Lange, Oskar
700 1# - ADDED ENTRY--PERSONAL NAME
Personal name Kantarovich, L.V.
700 1# - ADDED ENTRY--PERSONAL NAME
Personal name Lur´e, A.L.
942 ## - ADDED ENTRY ELEMENTS (KOHA)
Koha item type
Existencias
Withdrawn status Lost status Damaged status Not for loan Home library Current library Shelving location Date acquired Total checkouts Full call number Barcode Date last seen Price effective from Koha item type
        Biblioteca Prof. Eusebio Cleto del Rey Biblioteca Prof. Eusebio Cleto del Rey   07/04/2026   330.4 N433 L13459 07/04/2026 07/04/2026 Libro